[Event "Lisbon-ch sf"]
[Site "Lisbon"]
[Date "2008.04.21"]
[Round "1"]
[White "Lima, Paulo"]
[Black "Seia, Joao Manuel Barrada"]
[Result "1-0"]
[WhiteElo "2090"]
[BlackElo "1823"]
[PlyCount "115"]
[EventDate "2008.04.21"]
[EventType "swiss"]
[EventRounds "8"]
[EventCountry "POR"]
[SourceTitle "EXT 2022"]
[Source "ChessBase"]
[SourceDate "2021.10.06"]
[SourceVersion "1"]
[SourceVersionDate "2021.10.06"]
[SourceQuality "1"]

1. e4 c5 2. Nf3 d6 3. d4 cxd4 4. Nxd4 Nf6 5. Nc3 g6 6. Bc4 Bg7 7. 0-0 0-0 8. Bb3 Nc6 9. Nxc6 bxc6 10. Kh1 Qc7 11. Bg5 Qb6 12. Qd2 Ba6 13. Be3 Qc7 14. Rfe1 Ng4 15. f4 Nxe3 16. Qxe3 Qb6 17. Qg3 c5 18. Nd5 Qb7 19. Rab1 e6 20. Ne3 Qc7 21. c4 Rab8 22. f5 Bb7 23. Ng4 h5 24. Nf2 Be5 25. Qd3 exf5 26. exf5 Qc6 27. Rg1 Bd4 28. Qg3 Be5 29. Qg5 Kg7 30. Bc2 Bf6 31. Qg3 Be5 32. Qd3 d5 33. Nh3 dxc4 34. Qxc4 Bd4 35. Nf4 Bxg1 36. Rxg1 Rbc8 37. Qc3+ Qf6 38. Qg3 Kh7 39. fxg6+ Kh6 40. g7 Qxg7 41. Qd3 Rcd8 42. Qf5 Rd5 43. Nxd5 Bxd5 44. Qxd5 Qxb2 45. Bd1 f5 46. Qxc5 Rf7 47. Qe3+ f4 48. Qc5 Qxa2 49. Qxh5+ Kg7 50. Bf3 Rf6 51. Rd1 Qa4 52. h3 Rh6 53. Qg4+ Rg6 54. Qxf4 Qxf4 55. Rd7+ Kh6 56. Rxa7 Qg3 57. Ra5 Re6 58. Ra1 1-0

[Event "Olival Basto Region tt"]
[Site "Olival Basto"]
[Date "2004.04.26"]
[Round "9.5"]
[White "Ferreira, Joao Guerreiro"]
[Black "Lima, Paulo"]
[Result "0-1"]
[WhiteElo "1942"]
[BlackElo "2043"]
[PlyCount "103"]
[EventDate "2004.03.29"]
[EventType "team"]
[EventRounds "10"]
[EventCountry "POR"]
[SourceTitle "EXT 2006"]
[Source "ChessBase"]
[SourceDate "2005.11.24"]
[SourceVersion "1"]
[SourceVersionDate "2005.11.24"]
[SourceQuality "1"]

1. e4 d5 2. exd5 Nf6 3. d4 Bg4 4. Bb5+ Nbd7 5. Be2 Bxe2 6. Qxe2 Nxd5 7. Nf3 e6 8. Bd2 Be7 9. c4 Nb4 10. Bc3 0-0 11. a3 Na6 12. b4 Bf6 13. 0-0 c6 14. Re1 Nc7 15. Nbd2 b5 16. Ne4 bxc4 17. Nxf6+ Qxf6 18. Ne5 Nxe5 19. dxe5 Qg5 20. Bd2 Qh4 21. g3 Qd4 22. Rac1 Qd3 23. Rxc4 Qxa3 24. Be3 Na6 25. Rec1 Nxb4 26. Bc5 Rfb8 27. Bd6 Rb6 28. Qe4 a5 29. Qd4 Rba6 30. Kg2 Qb3 31. Bxb4 axb4 32. Qd7 h6 33. Qe7 Ra4 34. Qb7 Qb2 35. Re1 Qd2 36. Ree4 Qd5 37. Rxb4 Rxb4 38. Qxb4 c5 39. Qb1 Ra4 40. f3 Qd2+ 41. Kh3 Ra2 42. Qg1 h5 43. Rc4 Qe2 44. Rxc5 g6 45. Rc8+ Kg7 46. Rc3 Qxe5 47. Qe3 Qf5+ 48. g4 hxg4+ 49. fxg4 Qf1+ 50. Kg3 Rg2+ 51. Kh4 Rxh2+ 52. Kg5 0-1

[Event "Batalha dos Mestres 3rd"]
[Site "Lisbon"]
[Date "2002.10.22"]
[Round "9.1"]
[White "Leite Oralova, Catarina"]
[Black "Lima, Paulo"]
[Result "1-0"]
[WhiteElo "2173"]
[BlackElo "2063"]
[PlyCount "29"]
[EventDate "2002.10.13"]
[EventType "tourn"]
[EventRounds "11"]
[EventCountry "POR"]
[EventCategory "1"]
[SourceTitle "EXT 2003"]
[Source "ChessBase"]
[SourceDate "2002.11.25"]
[SourceVersion "1"]
[SourceVersionDate "2002.11.25"]
[SourceQuality "1"]

1. e4 d5 2. exd5 Nf6 3. d4 Bg4 4. Bb5+ Nbd7 5. Be2 Bxe2 6. Qxe2 Nxd5 7. Nf3 e6 8. c4 N5f6 9. d5 Qe7 10. 0-0 e5 11. Re1 e4 12. Ng5 Nc5 13. Nc3 Nd3 14. d6 Qxd6 15. Ncxe4 1-0

[Event "Young Masters 7th"]
[Site "Loures"]
[Date "1999.11.24"]
[Round "2"]
[White "Kovacevic, Slobodan"]
[Black "Lima, Paulo"]
[Result "1-0"]
[WhiteElo "2404"]
[BlackElo "2051"]
[PlyCount "55"]
[EventDate "1999.11.23"]
[EventType "tourn"]
[EventRounds "11"]
[EventCountry "POR"]
[EventCategory "2"]
[SourceTitle "CBM 073 Extra"]
[Source "ChessBase"]
[SourceDate "2000.01.11"]
[SourceVersion "1"]
[SourceVersionDate "2000.01.11"]
[SourceQuality "1"]

1. d4 d5 2. Bf4 Nf6 3. e3 c6 4. c4 g6 5. Nc3 Bg7 6. Nf3 0-0 7. h3 Qb6 8. a3 h6 9. Bd3 dxc4 10. Bxc4 c5 11. 0-0 cxd4 12. exd4 Bd7 13. Qe2 Nc6 14. Be3 Qc7 15. Rac1 a6 16. Ba2 Rac8 17. Rfe1 Bf5 18. Nh4 Qd7 19. Rcd1 Rfd8 20. d5 Nb8 21. Qf3 Nh7 22. Bd4 Ng5 23. Qe3 Bxd4 24. Rxd4 Rc7 25. d6 Rxc3 26. bxc3 exd6 27. Nxf5 Qxf5 28. Rf4 1-0

[Event "Young Masters 7th"]
[Site "Loures"]
[Date "1999.11.23"]
[Round "1"]
[White "Galego, Luis"]
[Black "Lima, Paulo"]
[Result "1-0"]
[WhiteElo "2427"]
[BlackElo "2051"]
[PlyCount "81"]
[EventDate "1999.11.23"]
[EventType "tourn"]
[EventRounds "11"]
[EventCountry "POR"]
[EventCategory "2"]
[SourceTitle "CBM 073 Extra"]
[Source "ChessBase"]
[SourceDate "2000.01.11"]
[SourceVersion "1"]
[SourceVersionDate "2000.01.11"]
[SourceQuality "1"]

1. e4 e5 2. Nf3 Nf6 3. Nc3 Nc6 4. Bb5 a6 5. Bxc6 dxc6 6. Nxe5 Bc5 7. 0-0 0-0 8. d3 h6 9. h3 Qe7 10. Nf3 Rd8 11. Be3 Be6 12. Qe2 Nd7 13. a3 Nf8 14. d4 Ba7 15. Rfe1 Ng6 16. Rad1 Bb6 17. d5 Bd7 18. Nd4 cxd5 19. exd5 Re8 20. Qf3 Qh4 21. Nb3 Bxe3 22. Rxe3 Rxe3 23. Qxe3 Re8 24. Qg3 Qxg3 25. fxg3 Ne5 26. Nc5 Bc8 27. b3 b6 28. N5a4 Bf5 29. Rd2 Rd8 30. g4 Bg6 31. Ne2 Be4 32. c4 Nd3 33. Nac3 Bg6 34. Nd4 Nf4 35. Nf5 Re8 36. Rd4 Bxf5 37. gxf5 Nh5 38. Kf2 Rd8 39. Ne4 Kf8 40. g4 Nf4 41. h4 1-0

[Event "Lisbon op 5th"]
[Site "Lisbon"]
[Date "1999.11.17"]
[Round "5"]
[White "Lima, Paulo"]
[Black "Cordovil, Joao Maria"]
[Result "1-0"]
[WhiteElo "2051"]
[BlackElo "2199"]
[PlyCount "67"]
[EventDate "1999.11.06"]
[EventType "swiss"]
[EventRounds "9"]
[EventCountry "POR"]
[SourceTitle "CBM 073 Extra"]
[Source "ChessBase"]
[SourceDate "2000.01.11"]
[SourceVersion "1"]
[SourceVersionDate "2000.01.11"]
[SourceQuality "1"]

1. e4 c5 2. Nf3 Nc6 3. d4 cxd4 4. Nxd4 e6 5. Nc3 d6 6. Be2 a6 7. 0-0 Bd7 8. a4 Nf6 9. Be3 Be7 10. Kh1 Qc7 11. f4 h5 12. Nb3 Na5 13. Nxa5 Qxa5 14. Bf3 Bc6 15. Bd4 e5 16. b4 Qxb4 17. fxe5 dxe5 18. Bxe5 Kf8 19. Nd5 Nxd5 20. exd5 Rd8 21. c3 Qc4 22. d6 Bg5 23. Bxc6 bxc6 24. Rf5 f6 25. Qf3 Kg8 26. Bd4 Rxd6 27. Re1 Qf7 28. Rb1 Rd5 29. Rxd5 cxd5 30. Rb8+ Kh7 31. Qf5+ g6 32. Rxh8+ Kxh8 33. Qxg5 Kg7 34. Qf4 1-0

[Event "POR-chT"]
[Site "Portugal"]
[Date "1999.??.??"]
[Round "9"]
[White "Lima, Paulo"]
[Black "Morais, Vitor Mestre"]
[Result "0-1"]
[WhiteElo "2059"]
[BlackElo "2059"]
[PlyCount "71"]
[EventDate "1999.??.??"]
[EventType "team"]
[EventRounds "9"]
[EventCountry "POR"]
[SourceTitle "EXT 2002"]
[Source "ChessBase"]
[SourceDate "2001.11.25"]
[SourceVersion "1"]
[SourceVersionDate "2001.11.25"]
[SourceQuality "1"]

1. Nc3 g6 2. d4 Bg7 3. Nf3 Nf6 4. e4 d6 5. Be2 0-0 6. 0-0 c6 7. a4 Bg4 8. Nd2 Bxe2 9. Qxe2 Nfd7 10. Nb3 Na6 11. Be3 Nc7 12. Rad1 e6 13. Na5 Ne8 14. Nb3 f5 15. f3 f4 16. Bf2 Qg5 17. d5 cxd5 18. exd5 e5 19. Ne4 Qd8 20. c4 b6 21. Nbd2 a5 22. Nb1 Nc5 23. Nbc3 Ra7 24. Nb5 Raf7 25. Bxc5 bxc5 26. Rd3 Rb7 27. Rfd1 Rff7 28. Qe1 Bf8 29. Rb3 Ng7 30. Rdd3 Nf5 31. Kh1 Ne3 32. Rxe3 fxe3 33. Qxe3 h6 34. Qf2 g5 35. Qg3 Rf5 36. h3 0-1

[Event "POR-chT"]
[Site "Lisbon"]
[Date "1998.05.01"]
[Round "1"]
[White "Lima, Paulo"]
[Black "Silva, Antonio Augusto MC"]
[Result "1/2-1/2"]
[WhiteElo "2055"]
[BlackElo "2205"]
[PlyCount "52"]
[EventDate "1998.??.??"]
[EventType "team"]
[EventRounds "9"]
[EventCountry "POR"]
[SourceTitle "EXT 1999"]
[Source "ChessBase"]
[SourceDate "1998.11.16"]
[SourceVersion "1"]
[SourceVersionDate "1998.11.16"]
[SourceQuality "1"]

1. e4 Nf6 2. Nc3 d5 3. exd5 Nxd5 4. d4 g6 5. Ne4 Bg7 6. Nf3 0-0 7. Be2 Nc6 8. 0-0 Bf5 9. Ng3 Bg4 10. c3 Qd7 11. h3 Bxf3 12. Bxf3 Rad8 13. Bg4 e6 14. Bg5 f6 15. Re1 Rfe8 16. Bd2 f5 17. Bf3 h6 18. Qb3 Na5 19. Qc2 Nc4 20. Rad1 Nxd2 21. Rxd2 Kh7 22. Ne2 c6 23. Nc1 Nf4 24. Red1 Qc7 25. Nd3 Nxd3 26. Rxd3 e5 1/2-1/2

[Event "Lisbon Honra"]
[Site "Lisbon"]
[Date "1997.??.??"]
[Round "2"]
[White "Lima, Paulo"]
[Black "Carneiro, Carlos Alberto Carv"]
[Result "0-1"]
[WhiteElo "2125"]
[BlackElo "2245"]
[PlyCount "34"]
[EventDate "1997.??.??"]
[EventType "tourn"]
[EventRounds "9"]
[EventCountry "POR"]
[SourceTitle "EXT 1998"]
[Source "ChessBase"]
[SourceDate "1997.11.17"]
[SourceVersion "1"]
[SourceVersionDate "1997.11.17"]
[SourceQuality "1"]

1. e4 c5 2. Nf3 Nc6 3. d4 cxd4 4. Nxd4 g6 5. Nxc6 bxc6 6. Qd4 Nf6 7. e5 Nd5 8. e6 f6 9. exd7+ Bxd7 10. Bc4 e5 11. Qh4 Bg7 12. 0-0 Qe7 13. Nc3 Be6 14. Rd1 Rd8 15. Rd3 0-0 16. Bh6 g5 17. Qh5 Nf4 0-1

[Event "Lisbon Honra"]
[Site "Lisbon"]
[Date "1997.??.??"]
[Round "9"]
[White "Lima, Paulo"]
[Black "Dias, Paulo Jorge Guimara"]
[Result "0-1"]
[WhiteElo "2125"]
[BlackElo "2180"]
[PlyCount "32"]
[EventDate "1997.??.??"]
[EventType "tourn"]
[EventRounds "9"]
[EventCountry "POR"]
[SourceTitle "EXT 1998"]
[Source "ChessBase"]
[SourceDate "1997.11.17"]
[SourceVersion "1"]
[SourceVersionDate "1997.11.17"]
[SourceQuality "1"]

1. e4 c6 2. d4 d5 3. Nc3 dxe4 4. Nxe4 Nf6 5. Ng5 h6 6. N5f3 Bf5 7. Ne2 e6 8. Ng3 Bh7 9. Bd3 Bxd3 10. Qxd3 Bd6 11. Ne2 Qc7 12. c4 Nbd7 13. 0-0 0-0 14. Rd1 Rfd8 15. c5 Nxc5 16. dxc5 Bxh2+ 0-1

[Event "Lisbon-ch Olival Basto op"]
[Site "Lisbon"]
[Date "1997.??.??"]
[Round "7"]
[White "Lima, Paulo"]
[Black "Gaspar, Artur Jorge Rocha"]
[Result "1-0"]
[WhiteElo "2125"]
[BlackElo "2210"]
[PlyCount "99"]
[EventDate "1997.??.??"]
[EventType "swiss"]
[EventRounds "12"]
[EventCountry "POR"]
[SourceTitle "EXT 2001"]
[Source "ChessBase"]
[SourceDate "2000.11.22"]
[SourceVersion "1"]
[SourceVersionDate "2000.11.22"]
[SourceQuality "1"]

1. e4 c5 2. Nf3 e6 3. d4 cxd4 4. Nxd4 Nc6 5. Nc3 Qc7 6. Be3 a6 7. Bd3 Nf6 8. 0-0 Be7 9. h3 0-0 10. f4 d6 11. a4 Na5 12. Qe2 Bd7 13. Bf2 Nc6 14. Rae1 Nxd4 15. Bxd4 e5 16. Be3 Rac8 17. Qf2 b5 18. axb5 axb5 19. Ra1 Ra8 20. fxe5 Rxa1 21. Rxa1 dxe5 22. Ra7 Qc8 23. Bxb5 Bxb5 24. Rxe7 Bc6 25. Rxe5 Qb8 26. Rg5 Nxe4 27. Nxe4 Bxe4 28. Bd4 f6 29. Rg4 Bg6 30. c3 Re8 31. b4 Qb5 32. Qf1 Re2 33. Rg3 Qe8 34. Qf3 Re1+ 35. Kh2 Qb5 36. Bc5 Re8 37. Qd5+ Kh8 38. c4 Qb8 39. Qd6 Qxd6 40. Bxd6 Re4 41. b5 Be8 42. Ra3 Kg8 43. Ra8 Kf7 44. Ra7+ Kg6 45. b6 Bc6 46. Rc7 Ba8 47. c5 Bd5 48. Bf8 f5 49. Rd7 Be6 50. b7 1-0

[Event "Lisbon Honra"]
[Site "Lisbon"]
[Date "1997.??.??"]
[Round "6"]
[White "Lima, Paulo"]
[Black "Rodrigues, Nuno"]
[Result "0-1"]
[WhiteElo "2125"]
[BlackElo "2100"]
[PlyCount "44"]
[EventDate "1997.??.??"]
[EventType "tourn"]
[EventRounds "9"]
[EventCountry "POR"]
[SourceTitle "EXT 1998"]
[Source "ChessBase"]
[SourceDate "1997.11.17"]
[SourceVersion "1"]
[SourceVersionDate "1997.11.17"]
[SourceQuality "1"]

1. e4 c5 2. Nf3 Nc6 3. d4 cxd4 4. Nxd4 Nf6 5. Nc3 e5 6. Ndb5 d6 7. Bg5 a6 8. Na3 b5 9. Nd5 Be7 10. Nxe7 Nxe7 11. c4 Nxe4 12. Bxe7 Qa5+ 13. Ke2 Kxe7 14. f3 Qxa3 15. bxa3 Nc3+ 16. Kf2 Nxd1+ 17. Rxd1 bxc4 18. Bxc4 Be6 19. Bb3 Rhc8 20. Rd2 Rab8 21. Rb1 Rc5 22. Rbd1 Rb6 0-1

[Event "Lisbon Honra"]
[Site "Lisbon"]
[Date "1997.??.??"]
[Round "4"]
[White "Lima, Paulo"]
[Black "Valdes, Maritza"]
[Result "0-1"]
[WhiteElo "2125"]
[BlackElo "2120"]
[PlyCount "88"]
[EventDate "1997.??.??"]
[EventType "tourn"]
[EventRounds "9"]
[EventCountry "POR"]
[SourceTitle "EXT 1998"]
[Source "ChessBase"]
[SourceDate "1997.11.17"]
[SourceVersion "1"]
[SourceVersionDate "1997.11.17"]
[SourceQuality "1"]

1. e4 e5 2. Nf3 Nc6 3. c3 Nf6 4. d4 Nxe4 5. d5 Ne7 6. Nxe5 Ng6 7. Nd3 Be7 8. Be2 0-0 9. 0-0 d6 10. Be3 Re8 11. Nd2 Nf6 12. Qb3 Ng4 13. Bd4 Bf6 14. Rfe1 Bxd4 15. cxd4 Nh6 16. Bf1 b6 17. Rxe8+ Qxe8 18. Re1 Qd7 19. Nb4 Bb7 20. a4 a5 21. Bb5 Qg4 22. Nc6 Nf4 23. g3 Nf5 24. Re4 Nh3+ 25. Kf1 Qg6 26. f4 Rf8 27. Qf3 h5 28. b3 Bc8 29. Qe2 Bd7 30. Bd3 h4 31. g4 Nh6 32. Ne7+ Kh8 33. Nxg6+ fxg6 34. g5 Ng4 35. Nf3 Nxf4 36. Re7 Nxd3 37. Qxd3 Nxh2+ 38. Kg2 Nxf3 39. Rxd7 Ne1+ 40. Kh3 Nxd3 41. Rxc7 Nf4+ 42. Kxh4 Nxd5 43. Rd7 Ne3 44. Rxd6 Nf5+ 0-1

[Event "Lisbon Honra"]
[Site "Lisbon"]
[Date "1997.??.??"]
[Round "3"]
[White "Morais, Vitor Mestre"]
[Black "Lima, Paulo"]
[Result "0-1"]
[WhiteElo "2180"]
[BlackElo "2125"]
[PlyCount "138"]
[EventDate "1997.??.??"]
[EventType "tourn"]
[EventRounds "9"]
[EventCountry "POR"]
[SourceTitle "EXT 1998"]
[Source "ChessBase"]
[SourceDate "1997.11.17"]
[SourceVersion "1"]
[SourceVersionDate "1997.11.17"]
[SourceQuality "1"]

1. Nf3 d5 2. c4 c6 3. e3 Nf6 4. b3 Bg4 5. Bb2 e6 6. Be2 Be7 7. 0-0 0-0 8. Ne5 Bf5 9. f4 Nbd7 10. Rf3 Nxe5 11. fxe5 Nd7 12. Rf1 Bg5 13. cxd5 cxd5 14. Ba3 Be7 15. Bxe7 Qxe7 16. Nc3 Qg5 17. Rf3 Nxe5 18. Rg3 Qe7 19. d4 Nc6 20. Rc1 Rac8 21. Bd3 Bg6 22. Bxg6 fxg6 23. Rf3 Rxf3 24. Qxf3 Rf8 25. Qe2 Qg5 26. Rd1 a6 27. Na4 Qe7 28. Nb2 e5 29. dxe5 Qxe5 30. Qd2 Kh8 31. Nd3 Qe7 32. Nf4 Rd8 33. Qf2 Qe4 34. Nxd5 Ne7 35. Nc3 Rxd1+ 36. Nxd1 h6 37. Qd2 Nf5 38. h3 Qb1 39. Kf2 Qe4 40. Nc3 Qh4+ 41. Kg1 Qg3 42. Nd5 Qe5 43. a4 Qa1+ 44. Kh2 Nd6 45. Qd3 Qb2 46. Kg1 Qa1+ 47. Qf1 Qe5 48. Qd3 Qa1+ 49. Qf1 Qe5 50. Qf3 Qa1+ 51. Kh2 Qe5+ 52. Nf4 Ne4 53. Kg1 Kh7 54. Nd3 Qa1+ 55. Kh2 Nd2 56. Qxb7 Nf1+ 57. Kg1 Ng3+ 58. Kf2 Nh1+ 59. Ke2 Qa2+ 60. Kf3 Qc2 61. Qd5 Qd1+ 62. Ke4 Ng3+ 63. Ke5 Nf5 64. Nf4 Qa1+ 65. Ke4 Qc3 66. Nd3 Qd2 67. Ke5 Qxe3+ 68. Qe4 Qg5 69. Qb7 Qf6+ 0-1